000 01350nam a2200217Ia 4500
003 Ost
005 20260507075549.0
008 260507s9999||||xx |||||||||||||| ||und||
020 _a9773830810
040 _cfsecg
041 _aara
082 _a658
100 _aلانجدون، كن
_eمؤلف
245 0 _a100 فكرة في دوائر الأعمال هي الاعظم في كل وقت /
_c كن لانجدون
260 _aالقاهرة:
_bايتراك للنشر و التوزيع,
_c2007
300 _a205 صفحة؛
_bإيضاحات ؛
_c24 سم
520 _aيضم تسعة ابتكارات بيعية عظيمة، عشر استراتيجيات عظيمة للملصقات المرجعية، أربعة تراخيص عظيمة لطبع الأموال، أعظم خمس طرق لتحقيق المكسب في بورصة الأوراق المالية، أربعة رجال بائعين عظام من الباب إلى الباب، من ضروريات المالية عظيمة في حياة دوائر الأعمال، أكبر خمس علامات تجارية في أي وقت، أعظم من مفكري الإدارة، أربعة اختراقات عظيمة قام بها الإعلان
653 _aإدارة الأعمال
700 _aالخزامي، عبد الحكيم أحمد
_eمؤلف ثانوي
942 _cكتاب
999 _c44905
_d44905